书目信息 |
| 题名: |
帕金宏观经济学学习指南
|
|
| 作者: | 拉什, 著 ;范军 主译 | |
| 分册: | ||
| 出版信息: | 北京 人民邮电出版社 2005.03 |
|
| 页数: | 291页 | |
| 开本: | 26cm | |
| 丛书名: | ||
| 单 册: | ||
| 中图分类: | F015 | |
| 科图分类: | ||
| 主题词: | 宏观经济学--hong guan jing ji xue | |
| 电子资源: | ||
| ISBN: | 7-115-11132-4 | |
| 000 | 01173nam0 2200289 450 | |
| 001 | 012006996671 | |
| 005 | 20060306110827.34 | |
| 010 | @a7-115-11132-4@dCNY39.00 | |
| 100 | @a20060306d2005 km y0chiy0120 ea | |
| 101 | 1 | @achi@ceng |
| 102 | @aCN@b110000 | |
| 105 | @aa a 000yy | |
| 200 | 1 | @a帕金宏观经济学学习指南@Apa jin hong guan jing ji xue xue xi zhi nan@d= Macroeconomics Michael Parkin study guide@f(美) 马克·拉什著@F(mei)ma ke·la shen zhu@g范军主译@Gfan jun zhu yi@zeng |
| 210 | @a北京@c人民邮电出版社@d2005.03 | |
| 215 | @a291页@c图@d26cm | |
| 305 | @a据Addison-Wesley Publishing Company, Inc. 2000年英文版第5版译出 | |
| 306 | @a由人民邮电出版社和Pearson Education, Inc.合作出版 | |
| 314 | @a责任者规范汉译姓: 拉什。 | |
| 320 | @a有书目 (第291页)。 | |
| 330 | @a本指南分七编,共20章。各章均含关键概念、帮助提示、习题、习题答案、小测验等内容组成。每编均给出小结。 | |
| 510 | 1 | @aMacroeconomics Michael Parkin study guide@zeng |
| 606 | 0 | @a宏观经济学@Ahong guan jing ji xue |
| 690 | @aF015@v4 | |
| 701 | 1 | @a拉什,@Ala shen,@bM.@g(Rush, Mark)@4著 |
| 702 | 0 | @a范军@Afan jun@4主译 |
| 801 | 0 | @aCN@bQSSK@c20060306 |
| 905 | @a10447@dF015@eL09 | |
| 帕金宏观经济学学习指南= Macroeconomics Michael Parkin study guide/(美) 马克·拉什著/范军主译.-北京:人民邮电出版社,2005.03 |
| 291页:图;26cm |
| ISBN 7-115-11132-4:CNY39.00 |
| 本指南分七编,共20章。各章均含关键概念、帮助提示、习题、习题答案、小测验等内容组成。每编均给出小结。 |
| ● |
| 相关链接 |
|
|
|
正题名:帕金宏观经济学学习指南
索取号:F015/L09
 
预约/预借
| 序号 | 登录号 | 条形码 | 馆藏地/架位号 | 状态 | 备注 |
| 1 | 554483 | 205544838 | 社科库409/409社科库 63排1列5层/ [索取号:F015/L09] | 在馆 | |
| 2 | 554484 | 205544847 | 社科库409/409社科库 62排4列2层/ [索取号:F015/L09] | 在馆 | |
| 3 | 554485 | 205544856 | 社科库409/409社科库 62排4列2层/ [索取号:F015/L09] | 在馆 |